Statistics for Minecraft Mobs Quiz (part 1)

Click here to take the quiz!

General Stats

  • This quiz has been taken 142 times
  • The average score is 15 of 20

Answer Stats

DescriptionAnswer% Correct
1. You may get an ender pearl if you kill itEnderman
100%
2. Green mob that burns in the daylightZombie
100%
8. Cat-like creature that scares away creepersOcelot
90%
6. Pink passive mob that follows you if you're holding a carrotPig
90%
15. If you shear it, you will get some woolSheep
88%
10. The only mob that you can find in the rarest biome in the game (hint: moo!)Mooshroom
87%
7. Tameable flying mob that you can find in a jungleParrot
86%
4. If you have arachnophobia, good luck!Spider
84%
12. Comes in over 40 different colo(u)rs (hint: NEIGHHHH)Horse
79%
5. If you find a stronghold, you will certainly find one of theseSilverfish
77%
16. If you kill it, you'll either get raw meat, hide or even it's foot!Rabbit
76%
13. #12. variant that you can equip with a chestDonkey
74%
9. #2. and #6. mixed togetherZombie Pigman
72%
17. Ugly blue variant of #4Cave Spider
68%
14. If you breed #12. with #13. they'll make a...Mule
68%
20. A blue flying creature that you can only find in a mansionVex
67%
3. Tameable 1.11 mob that you can decorateLlama
63%
19. Killer unused variant of #16Killer Bunny
62%
18. Huge unused variant of #2Giant
57%
11. 1.13 flying hostile mob that was voted at mineconThe Phantom
7%

Score Distribution

Percentile by Number Answered

Percent of People with Each Score

Your Score History

You have not taken this quiz